Gaming Quiz

Random Gaming or Sporcle Quiz

Over/Under: Sporcle Quiz Stats

 Plays Quiz Updated Apr 15, 2017

Challenge
Share
Tweet
Embed
Score 0/24 Timer 03:00
0 Plays Today
Question and Number Actual is Over or Under % Correct
Featured games on each weekday: 3???
79.6%
Year of Sporcle's founding: 2009???
75.5%
Featured games on each Sat/Sun: 15???
74.6%
Words in Sporcle tagline: 2???
72.9%
Distinct quiz categories: 12???
72.5%
Longest possible quiz timer: 30 min.???
68.5%
Daily Dose quizzes: 6???
68.4%
% remembering Kosovo on Europe quiz: 65%???
65.8%
Answers on 3-letter body parts quiz: 20???
65.8%
% remembering Hayes on U.S. Pres. quiz: 65%???
65.6%
Highest possible quiz rating: 10???
65.4%
Public games users can contribute per month: 25???
63.4%
Question and Number Actual is Over or Under % Correct
Published 'Countries of' continent quizzes: 6???
62.3%
% remembering MO on the U.S. States quiz: 65%???
62.3%
Extra quizzes when a quiz is published: 2???
61%
Shortest possible quiz timer: 15 sec.???
60.9%
Maximum lines in a Sporcle quiz: 200???
57.9%
Official Sporcle countries: 203???
55.4%
# users shown on the Quizmaster leaderboard: 50???
51.9%
Quizmaster points for making a quiz: 25???
42.9%
Possible Sporcle email notifications: 10???
41.4%
Times Ken Jennings has visited Sporcle HQ: 5???
39.6%
Sporcle iPhone apps: 3???
39.3%
Quizmaster points when your quiz is favorited: 10???
38.5%

You're not logged in!

Compare scores with friends on all Sporcle quizzes.
Join for Free
OR
Log In

You Might Also Like...

Show Comments

Extras

Top Quizzes Today


Score Distribution

Your Account Isn't Verified!

In order to create a playlist on Sporcle, you need to verify the email address you used during registration. Go to your Sporcle Settings to finish the process.

Report this User

Report this user for behavior that violates our Community Guidelines.

Details: